10th UICEE Annual Conference on Engineering Education : conference proceedings; Bangkok, Thailand 19-23 March 2007

Salvato in:
Dettagli Bibliografici
Altri autori: Pudlowski, Zenon J. (Redattore)
Natura: Libro
Lingua:inglese
Pubblicazione: Melbourne, Australia : UNESCO UICEE Faculty of Enginnering, Monash University, Clayyton, 2007
Soggetti:
Tags: Aggiungi Tag
Nessun Tag, puoi essere il primo ad aggiungerne!!

MARC

LEADER 00000nam a22000003a 4500
001 stu151040
005 20150804100509.9
008 071126s2007------------------------eng-d
020 |a 978-0-7326-2260-2 
040 |a STU  |b slo 
041 0 |a eng 
044 |a at 
245 1 |a  10th UICEE Annual Conference on Engineering Education :  |b conference proceedings; Bangkok, Thailand 19-23 March 2007 
260 |a Melbourne, Australia :  |b UNESCO UICEE Faculty of Enginnering, Monash University, Clayyton,  |c 2007 
300 |a 310 s 
650 7 |a vedy spoločenské  |2 stusub 
700 1 |a Pudlowski, Zenon J.  |4 edt 
996 |b 284AB00886  |c A*5672 B  |l AAKNAR  |s A  |a 24  |w stu151040_0001